000 02865nam a22002777a 4500
003 GR-AtMCL
005 20260128101628.0
006 a|||||r|||||||||||
008 e202211 gr |||||||||||||||||gre d
020 _a9786180332230
040 _aGR-AtMCL
_bgre
_dGR-AtMCL
041 1 _heng
100 _aKeegan, Claire
_910300
240 1 0 _a Small things like these.
_lΕλληνικά
245 1 0 _aΜικρά πράγματα σαν κι αυτά /
_cClaire Keegan ; μετάφραση Μαρτίνα Ασκητοπούλου
250 _a1η έκδ.
264 1 _aΑθήνα :
_bΜεταίχμιο,
_c2022
300 _a125 σ.;
_c20 εκ.
500 _aΤο κείμενο είναι μεταφρασμένο από τα αγγλικά
520 _aΤο βιβλίο μικρά πράγματα σαν κι αυτά είναι το βαθιά συγκινητικό, λιτό σε έκταση αλλά τεράστιο σε συναισθηματικό βάθος λογοτεχνικό έργο της πολυβραβευμένης Claire Keegan. Πρόκειται για ένα μυθιστόρημα που αποτυπώνει με διακριτικότητα και ανθρωπιά τις μικρές, καθημερινές πράξεις που μπορούν να αλλάξουν τη ζωή ενός ανθρώπου ? και ενδεχομένως ολόκληρης μιας κοινωνίας. Είναι 1985. Βρισκόμαστε σε μια μικρή πόλη της Ιρλανδίας. Πλησιάζουν Χριστούγεννα, εποχή πολυάσχολη για τον Μπιλ Φέρλονγκ, προμηθευτή καυσόξυλων και πατέρα πέντε κοριτσιών. Νωρίς ένα πρωί, κι ενώ προσπαθεί να προλάβει τις παραγγελίες των πελατών του, φτάνει στο τοπικό μοναστήρι που δεσπόζει ψηλά στον λόφο της πόλης για να παραδώσει μια παραγγελία. Κι εκεί θα ανακαλύψει κάτι που θα τον φέρει αντιμέτωπο τόσο με το παρελθόν του όσο και με τη συνένοχη σιωπή μιας πόλης που φαίνεται πως βρίσκεται υπό τον έλεγχο της Εκκλησίας. Μια βαθιά συγκινητική ιστορία, γεμάτη ελπίδα, ηρωισμό και συμπόνια για τους αδύναμους. Ένα πραγματικό κομψοτέχνημα που δικαία υμνήθηκε από την κριτική.
650 0 _aΙστορικό μυθιστόρημα
_910301
653 _aΛογοτεχνία
700 _aΑσκητοπούλου, Μαρτίνα
_910302
942 _cBK
999 _c10085
_d10085